000 00728nam a22002177a 4500
003 OSt
005 20251205082515.0
008 251205b |||||||| |||| 00| 0 eng d
020 _a0-7216-6031-2.
040 _aDWCL-Main lib
_cOC
082 _24th ed.
_aCirc. 610.73 Ul45m 1998
100 _aUlrich, Susan P.
245 _aMedical-surgical nursing care planning guides
_cUlrich, Susan P.
260 _aPennsylvania :
_bW. B. Saunders Company,
_cc1998.
300 _axvi, 924 pages ;
_c28 cm.
650 _21. Nursing care plans-Handbooks, manuals, etc.
650 _22. Nursing diagnosis-Handbooks, manuals, etc.
700 _aCanale, Weyland
700 _aWendell, Sharon Andrea
942 _2ddc
_cBK-CIRC
_e4th ed.
_kCirc.
_n0
999 _c6963
_d6963